00333nam a2200121Ia 4500003000400000008004100004040001600045082001700061245002800078260008900106300001100195490000500206GCL140319s9999 xx 000 0 ara d aGCL / cGCL04a810.9bا ن10aالنقد الادبى a[S.N] : bدار الفكر للدراسات والنشر والتوزيع ، c1990 a153 ص a